Movies Quiz

Random Movies or Role Quiz

Indiana Jones' Archaeology Exam Quiz Stats

 Plays Quiz Updated Aug 17, 2018

Score 0/17 Timer 06:00
0 Plays Today
% Correct
The Ten Commandments were said to be contained inside.
89.9%
It was covered in snakes (asps).
87.3%
Kneel, and avoid the spinning blades.
78.6%
It was the Staff of Ra.
75.9%
The chamber containing the Ark was the Well of Souls.
74.5%
Alexandretta (now called ─░skenderun) in Turkey.
72.3%
Indy had to remember that Iehova didn't start with J.
68.6%
The marker was Sir Richard's shield.
67.2%
Beneath a library in Venice, Italy.
67.1%
% Correct
The stones were a symbol of Shiva.
66.1%
The Ark was discovered in Tanis, Egypt.
60.8%
He found them in Pankot Palace.
58.2%
Mola Ram's cult were called Thuggees.
51.5%
Grail legend dictates that it was used by Joseph of Arimathea.
49.1%
There were five stones.
41.5%
It was known as the Black Sleep of the Kali Ma.
33.5%
The Brotherhood of the Cruciform Sword.
25.8%

You're not logged in!

Compare scores with friends on all Sporcle quizzes.
OR
Log In

Sporcle TV

Today on Sporcle TV


Watch our educational content, quiz creation guides, and fun videos on Sporcle TV.

Show Comments

Extras

Top Quizzes Today


Score Distribution

Your Account Isn't Verified!

In order to create a playlist on Sporcle, you need to verify the email address you used during registration. Go to your Sporcle Settings to finish the process.

Report this User

Report this user for behavior that violates our Community Guidelines.

Details: